[Event "Bent Larsen Memorial"]
[Site "SchemingMind.com"]
[Date "2010.09.13"]
[Round "-"]
[White "Transcendent"]
[Black "dadshane2000"]
[Result "0-1"]
[WhiteCountry "ENG"]
[BlackCountry "USA"]
[WhiteElo "1793"]
[WhiteRD "51"]
[BlackElo "2047"]
[BlackRD "83"]
[GameID "260086"]

1. d4 Nf6 2. c4 g6 3. g3 d5 4. cxd5 Nxd5 5. Bg2 Bg7 6. Nf3 Nb6 7. Nc3 Nc6 8. e3 O-O 9. O-O Re8 10. Re1 a5
11. Qe2 Be6 12. Rd1 Bc4 13. Qc2 Nb4 14. Qb1 e5 15. a3 exd4 16. Nxd4 N4d5 17. Nxd5 Nxd5 18. b3 Nc3 19. Qc2 Bxb3
0-1

[Event "Bent Larsen Memorial"]
[Site "SchemingMind.com"]
[Date "2010.09.17"]
[Round "-"]
[White "rkttkr"]
[Black "mi_di"]
[Result "1/2-1/2"]
[WhiteCountry "ENG"]
[BlackCountry "MEX"]
[WhiteElo "2078"]
[WhiteRD "80"]
[BlackElo "2260"]
[BlackRD "72"]
[GameID "260090"]

1. e4 e5 2. Nc3 Nf6 3. g3 d5 4. exd5 Nxd5 5. Bg2 Nxc3 6. bxc3 Nc6 7. Ne2 Be6 8. O-O Bd5 9. d3 Bxg2 10. Kxg2 h5
11. c4 h4 12. g4 h3+ 13. Kh1 Qd7 14. Nc3 O-O-O 15. Be3 f5 16. gxf5 Qxf5 17. Rg1 Nd4 18. Rg5 Qe6 19. Bxd4 exd4 20. Ne4 Rh6
21. Qf3 Kb8 22. Rb1=
1/2-1/2

[Event "Bent Larsen Memorial"]
[Site "SchemingMind.com"]
[Date "2010.09.13"]
[Round "-"]
[White "dadshane2000"]
[Black "Transcendent"]
[Result "1-0"]
[WhiteCountry "USA"]
[BlackCountry "ENG"]
[WhiteElo "2047"]
[WhiteRD "83"]
[BlackElo "1793"]
[BlackRD "51"]
[GameID "260095"]

1. e4 c5 2. Nf3 d6 3. d4 cxd4 4. Nxd4 Nf6 5. Nc3 a6 6. Be3 e6 7. g4 e5 8. Nf5 g6 9. g5 Nxe4 10. Nxe4 Bxf5
11. Nf6+ Ke7 12. Bb6 Qc8 13. Nd5+ Kd7 14. Ba5 Qc5 15. b4 Qxc2 16. Qxc2 Bxc2 17. Nb6+ Ke6 18. Nxa8 Be4 19. Bh3+ Ke7 20. Rg1 Nc6
21. Bg2 Bxg2 22. Rxg2 Bg7 23. Nb6 h6 24. O-O-O
1-0

[Event "Bent Larsen Memorial"]
[Site "SchemingMind.com"]
[Date "2010.09.17"]
[Round "-"]
[White "mi_di"]
[Black "rkttkr"]
[Result "1-0"]
[WhiteCountry "MEX"]
[BlackCountry "ENG"]
[WhiteElo "2260"]
[WhiteRD "72"]
[BlackElo "2078"]
[BlackRD "80"]
[GameID "260099"]

1. b3 e5 2. Bb2 Nc6 3. e3 Nf6 4. Bb5 d6 5. Nf3 Bd7 6. O-O a6 7. Bxc6 Bxc6 8. c4 Bd7 9. Nc3 c6 10. d4 e4
11. Nd2 d5 12. cxd5 cxd5 13. f3 exf3 14. Qxf3 Be6 15. e4 dxe4 16. Ndxe4 Qxd4+ 17. Kh1 Nxe4 18. Rad1 Nd2 19. Qxb7 Rd8 20. Nb5 Qxb2
21. Nc7+ Ke7 22. Nxe6+ Rd7 23. Rxf7+ Kxf7 24. Qxd7+ Be7 25. Rxd2 Rc8 26. Ng5+ Kg6 27. Qd3+
1-0

[Event "Bent Larsen Memorial"]
[Site "SchemingMind.com"]
[Date "2010.09.15"]
[Round "-"]
[White "zogger"]
[Black "joopsim"]
[Result "0-1"]
[WhiteCountry "GER"]
[BlackCountry "NED"]
[WhiteElo "2087"]
[WhiteRD "66"]
[BlackElo "2489"]
[BlackRD "81"]
[GameID "260279"]

1. f4 e5 2. fxe5 d6 3. exd6 Bxd6 4. Nf3 Nf6 5. d4 O-O 6. e4 Nxe4 7. Bd3 Nf6 8. O-O c5 9. c3 cxd4 10. Nxd4 Bc5
11. Kh1 h6 12. Be3 Re8 13. Bg1 Bg4 14. Qc2 Bb6 15. Nd2 Nc6 16. Nxc6 bxc6 17. Ne4 Nd5 18. Rae1 Bxg1 19. Kxg1 f5 20. Nc5 Ne3
21. Qb3+ Kh7 22. Qb4 Nxf1 23. Rxe8 Qxe8 24. Qxg4 Qe3+ 25. Kxf1 Qxd3+ 26. Nxd3 fxg4 27. Ne5 Rf8+ 28. Kg1 Rd8 29. Nxc6 Rd1+
0-1

[Event "Bent Larsen Memorial"]
[Site "SchemingMind.com"]
[Date "2010.09.15"]
[Round "-"]
[White "joopsim"]
[Black "zogger"]
[Result "1-0"]
[WhiteCountry "NED"]
[BlackCountry "GER"]
[WhiteElo "2489"]
[WhiteRD "81"]
[BlackElo "2087"]
[BlackRD "66"]
[GameID "260286"]

1. b3 Nf6 2. Bb2 g6 3. f4 Bg7 4. Nf3 O-O 5. e3 d6 6. Be2 e5 7. fxe5 Ng4 8. Nc3 Nc6 9. O-O d5 10. h3 Ngxe5
11. Nxe5 Bxe5 12. d4 Bg7 13. Bf3 Be6 14. Qd2 Re8 15. Rae1 Bh6 16. g4 a6 17. Qg2 Ne7 18. e4 dxe4 19. Nxe4 Nd5 20. Qg3 f5
21. Nc5 Bf7 22. Rxe8+ Qxe8 23. Re1 Be3+ 24. Kf1 f4 25. Qg2 c6 26. Nxb7 Qe7 27. Nc5 Qc7 28. c4
1-0

[Event "Bent Larsen Memorial"]
[Site "SchemingMind.com"]
[Date "2010.09.16"]
[Round "-"]
[White "cilpa"]
[Black "Valverde"]
[Result "0-1"]
[WhiteCountry "BLR"]
[BlackCountry "ESP"]
[WhiteElo "1650"]
[WhiteRD "202"]
[BlackElo "2087"]
[BlackRD "122"]
[GameID "260352"]

1. e4 c5 2. c3 d5 3. exd5 Qxd5 4. d4 Nf6 5. Nf3 e6 6. Be3 cxd4 7. cxd4 Nc6 8. Nc3 Qd6 9. Bd3 Be7 10. O-O O-O
11. Rc1 Nb4 12. Bb1 Bd7 13. Ne5 Bc6 14. Nxc6 Nxc6 15. Ne4 Qd7 16. Qd3 Nxe4 17. Qxe4 g6 18. Bh6 Rfd8 19. Rfd1 Bf6 20. Qf4 Qe7
21. Rd3 Rd5 22. g4 Rad8 23. Rf3 Bg5 24. Bxg5 Rxg5 25. h4 Nxd4 26. Re3 Rgd5 27. h5 Qg5 28. Qxg5 Rxg5 29. f3 gxh5 30. Kf2 hxg4
31. fxg4 Nc6 32. Rh1 Rd2+ 33. Ke1 Rxb2 34. Bxh7+ Kg7 35. Rf3 Rxa2 36. Bb1 Rb2 37. Rh7+ Kg8 38. Rhxf7 Rxb1+ 39. Kf2 Ne5 40. Rf8+ Kg7
0-1

[Event "Bent Larsen Memorial"]
[Site "SchemingMind.com"]
[Date "2010.09.20"]
[Round "-"]
[White "C. H. O'D. Schlechter"]
[Black "Number34"]
[Result "1-0"]
[WhiteCountry "USA"]
[BlackCountry "USA"]
[WhiteElo "2422"]
[WhiteRD "87"]
[BlackElo "2350"]
[BlackRD "72"]
[GameID "260358"]

1. e4 c5 2. Nf3 Nc6 3. Bb5 g6 4. Bxc6 bxc6 5. O-O Bg7 6. Re1 Nf6 7. e5 Nd5 8. c4 Nc7 9. d4 cxd4 10. Qxd4 Ne6
11. Qh4 c5 12. Nc3 Bb7 13. Nd5 f6 14. exf6 Bxf6 15. Qh6 Bxd5 16. cxd5 Ng7 17. g4 Qb6 18. Ng5 Qb4 19. Re4 Bxg5 20. Qxg7 Qxe4
21. Qxh8+ Kf7 22. Qxh7+ Kf6 23. Qh3 Qxd5 24. Bxg5+ Kxg5 25. Re1 e5 26. Qh7 Kf6 27. h4 Qe6 28. f3 c4 29. Kf2 Rg8 30. Rd1 d5
31. Qc7 Re8 32. g5+ Kf5 33. Qa5 Re7 34. Rxd5 Rd7 35. Rd2 Rxd2+ 36. Qxd2 Qb6+ 37. Kg2 Qd4 38. Qc2+ Kf4 39. Qc1+ Kf5 40. Qb1+ Kf4
41. Qc2 a5 42. a4 Qd5 43. Qc1+
1-0

[Event "Bent Larsen Memorial"]
[Site "SchemingMind.com"]
[Date "2010.09.16"]
[Round "-"]
[White "Valverde"]
[Black "cilpa"]
[Result "1-0"]
[WhiteCountry "ESP"]
[BlackCountry "BLR"]
[WhiteElo "2087"]
[WhiteRD "122"]
[BlackElo "1650"]
[BlackRD "202"]
[GameID "260361"]

1. e4 Nf6 2. e5 Nd5 3. d4 d6 4. c4 Nb6 5. f4 dxe5 6. fxe5 Bf5 7. Nc3 e6 8. Be3 Be7 9. Bd3 Bxd3 10. Qxd3 Nc6
11. Rd1 f5 12. Nf3 O-O 13. O-O Qe8 14. d5 Nb4 15. Qe2 exd5 16. cxd5 f4 17. Bxb6 axb6 18. d6 cxd6 19. exd6 Bf6 20. Qc4+
1-0

[Event "Bent Larsen Memorial"]
[Site "SchemingMind.com"]
[Date "2010.09.20"]
[Round "-"]
[White "Number34"]
[Black "C. H. O'D. Schlechter"]
[Result "1-0"]
[WhiteCountry "USA"]
[BlackCountry "USA"]
[WhiteElo "2350"]
[WhiteRD "72"]
[BlackElo "2422"]
[BlackRD "87"]
[GameID "260367"]

1. e4 c6 2. d4 d5 3. exd5 cxd5 4. c4 Nf6 5. Nc3 e6 6. Nf3 Bb4 7. Bd3 dxc4 8. Bxc4 O-O 9. O-O b6 10. Bg5 Bb7
11. Re1 Nc6 12. a3 Be7 13. Qd3 Rc8 14. Rad1 Nd5 15. Bxd5 Bxg5 16. Be4 f5 17. Nxg5 Qxg5 18. Bf3 Rfd8 19. Rxe6 Rxd4 20. Qe2 Rxd1+
21. Qxd1 Rd8 22. Bd5 Kf8 23. g3 Qg4 24. Qe1 Na5 25. Bxb7 Nxb7 26. Qe5 Nc5 27. Re7 a6 28. Qc7 Re8 29. Rxe8+ Kxe8 30. Qxb6 Qd4
31. Qc6+
1-0

[Event "Bent Larsen Memorial"]
[Site "SchemingMind.com"]
[Date "2010.09.17"]
[Round "-"]
[White "sidra"]
[Black "badpawn"]
[Result "1-0"]
[WhiteCountry "HUN"]
[BlackCountry "SWE"]
[WhiteElo "1787"]
[WhiteRD "89"]
[BlackElo "1571"]
[BlackRD "75"]
[GameID "260440"]

1. d4 Nf6 2. c4 e6 3. a3 d5 4. c5 c6 5. e3 Be7 6. f3 O-O 7. Bd3 b6 8. cxb6 axb6 9. Ne2 c5 10. dxc5 bxc5
11. O-O Bb7 12. Nbc3 Nc6 13. b3 Ne5 14. Bc2 Rc8 15. a4 c4 16. Nb5 cxb3 17. Bxb3 Nc4 18. Ned4 e5 19. Nf5 Bb4 20. Bxc4 Rxc4
21. Ba3 Bxa3 22. Rxa3 Ne8 23. Rd3 g6 24. Ng3 f5 25. Ne2 Qg5 26. Nec3 e4 27. f4 Qf6 28. Rd4 Rxd4 29. Nxd4 Nd6 30. Ncb5 Ba6
31. Qb3 Nc4 32. Re1 Qh4 33. g3 Qg4 34. Nc7 Bc8 35. Nxd5 Nd2 36. Ne7+ Kg7 37. Qc3
1-0

[Event "Bent Larsen Memorial"]
[Site "SchemingMind.com"]
[Date "2010.09.17"]
[Round "-"]
[White "badpawn"]
[Black "sidra"]
[Result "0-1"]
[WhiteCountry "SWE"]
[BlackCountry "HUN"]
[WhiteElo "1593"]
[WhiteRD "73"]
[BlackElo "1750"]
[BlackRD "97"]
[GameID "260444"]

1. d4 d5 2. Nf3 f6 3. Bf4 e6 4. e3 a6 5. c3 c6 6. Be2 b5 7. Nbd2 Ne7 8. h3 Nd7 9. O-O Ng6 10. Bh2 Be7
11. Ne1 O-O 12. e4 Nb6 13. b3 a5 14. exd5 exd5 15. Nd3 Nd7 16. Bh5 Nh8 17. Nf4 Nb6 18. c4 dxc4 19. bxc4 bxc4 20. Rc1 Qxd4
21. Ne2 Qd5 22. Bf3 Qc5 23. Nb3 Qb5 24. Nbd4 Qa6 25. Nxc6 Ba3 26. Ne7+ Bxe7
0-1

[Event "Bent Larsen Memorial"]
[Site "SchemingMind.com"]
[Date "2010.09.18"]
[Round "-"]
[White "staunton64"]
[Black "Derek"]
[Result "1/2-1/2"]
[WhiteCountry "FRA"]
[BlackCountry "ENG"]
[WhiteElo "1695"]
[WhiteRD "101"]
[BlackElo "1641"]
[BlackRD "96"]
[GameID "260563"]

1. c4 e6 2. Nc3 b6 3. Nf3 Bb7 4. d4 c5 5. d5 d6 6. e4 Nf6 7. Bg5 Nbd7 8. Bd3 g6 9. O-O Bg7 10. Re1 O-O
11. Rb1 Re8 12. Nb5 Nb8 13. Nxd6 Qxd6 14. e5 Qd8 15. exf6 Bxf6 16. Bxf6 Qxf6 17. h4 Nd7 18. dxe6 Rxe6 19. Rxe6 Qxe6 20. Ng5 Qc6
21. Be4 Qc7 22. Bxb7 Qxb7 23. Qd5 Qxd5 24. cxd5 Nf6 25. Rd1 Rd8=
1/2-1/2

[Event "Bent Larsen Memorial"]
[Site "SchemingMind.com"]
[Date "2010.09.18"]
[Round "-"]
[White "dla ani"]
[Black "baron1"]
[Result "0-1"]
[WhiteCountry "POL"]
[BlackCountry "ENG"]
[WhiteElo "1987"]
[WhiteRD "75"]
[BlackElo "2423"]
[BlackRD "89"]
[GameID "260564"]

1. e4 c6 2. d4 d5 3. Nc3 dxe4 4. Nxe4 Bf5 5. Ng3 Bg6 6. Nf3 Nd7 7. Bd3 e6 8. O-O Ngf6 9. Be3 Bd6 10. c3 Bxd3
11. Qxd3 O-O 12. Rfd1 Qc7 13. Nf1 Rad8 14. c4 Rfe8 15. Rac1 e5 16. dxe5 Nxe5 17. Nxe5 Bxe5 18. Qc2 Ng4 19. h3 Bh2+ 20. Kh1 Nxe3
21. Nxe3 Bf4 22. Rxd8 Rxd8 23. Qe2 Qe5 24. Re1 g6
0-1

[Event "Bent Larsen Memorial"]
[Site "SchemingMind.com"]
[Date "2010.09.23"]
[Round "-"]
[White "Raimondi"]
[Black "Olli Ylönen"]
[Result "1/2-1/2"]
[WhiteCountry "PER"]
[BlackCountry "FIN"]
[WhiteElo "1659"]
[WhiteRD "87"]
[BlackElo "1559"]
[BlackRD "59"]
[GameID "260565"]

1. e4 e5 2. Nf3 Nc6 3. Bb5 Nge7 4. O-O g6 5. c3 Bg7 6. d4 exd4 7. cxd4 d5 8. Nc3 dxe4 9. Nxe4 O-O 10. Be3 Qd5
11. Nc3 Qh5 12. Be2 Bg4 13. Re1 Nf5 14. d5 Bxc3 15. bxc3 Nxe3 16. fxe3 Ne5 17. Nxe5 Bxe2 18. Qxe2 Qxe5 19. Qd3 f5 20. e4 Rad8
21. c4 c6 22. exf5 Qxf5 23. Qxf5 gxf5 24. Re7 Rf7 25. Rxf7 Kxf7 26. Rb1 Rd7 27. Kf2 cxd5 28. cxd5 b6 29. Rc1 Ke7 30. Rc6 Rxd5
31. Rc7+ Rd7 32. Rc2 Kf6 33. Kf3 Kg5 34. g3 h5 35. h4+ Kf6 36. Ke3 Ke5 37. Rc8 Re7= 38. Rh8 Kf6+ 39. Kf3 Kg6 40. Rc8 Kf6
41. Rc6+ Re6 42. Rc8 a5 43. Rb8 Ke5 44. Rh8 Rd6 45. Rxh5 Rd2 46. Rh6 Rxa2 47. Rxb6 Ra3+ 48. Kg2 f4 49. gxf4+ Kxf4 50. Rg6 Ra2+
51. Kh1 Ra1+ 52. Kh2 Ra2+ 53. Kh1=
1/2-1/2

[Event "Bent Larsen Memorial"]
[Site "SchemingMind.com"]
[Date "2010.09.18"]
[Round "-"]
[White "Derek"]
[Black "staunton64"]
[Result "1/2-1/2"]
[WhiteCountry "ENG"]
[BlackCountry "FRA"]
[WhiteElo "1618"]
[WhiteRD "89"]
[BlackElo "1691"]
[BlackRD "102"]
[GameID "260568"]

1. d4 Nf6 2. c4 e6 3. Nc3 Bb4 4. Bf4 c5 5. e3 cxd4 6. exd4 d5 7. Bxb8 Rxb8 8. Qa4+ Bd7 9. Qxb4 b6 10. Nb5 a5
11. Nd6+ Kf8 12. Qa3 Kg8 13. Nf3 Qc7 14. Bd3 g6 15. Ne5 Be8 16. O-O Kg7 17. cxd5 Nxd5 18. Nxe8+ Rhxe8 19. Bb5 Rec8 20. Nd7 Rb7
21. Rac1 Qxc1 22. Rxc1 Rxc1+ 23. Bf1 Rxd7 24. g3 Rdc7 25. Kg2 Rd1 26. Qd6 Rd2 27. Qe5+ Kg8 28. b3= Rc3 29. Bc4 Ne3+ 30. Kh3 Rxf2
31. Qb8+ Kg7 32. d5 Rfc2 33. dxe6 fxe6 34. Qe5+ Kh6 35. Qf4+ Kg7 36. Qe5+ Kh6 37. Qf4+=
1/2-1/2

[Event "Bent Larsen Memorial"]
[Site "SchemingMind.com"]
[Date "2010.09.18"]
[Round "-"]
[White "baron1"]
[Black "dla ani"]
[Result "1-0"]
[WhiteCountry "ENG"]
[BlackCountry "POL"]
[WhiteElo "2423"]
[WhiteRD "89"]
[BlackElo "1987"]
[BlackRD "75"]
[GameID "260569"]

1. c4 e5 2. Nc3 Nc6 3. g3 f5 4. Bg2 Nf6 5. d3 Bc5 6. e3 O-O 7. Nge2 d6 8. O-O Qe8 9. d4 Bb6 10. Na4 Bd7
11. b3 e4 12. Nxb6 axb6 13. a4 g5 14. Qd2 d5 15. cxd5 Nxd5 16. Ba3 Rf7 17. Nc3 Be6 18. Rfc1 g4 19. Bf1 Na5 20. Rab1 Nxc3
21. Rxc3 h5 22. b4 Nb3 23. Rcxb3 Bxb3 24. Rxb3 Kh8 25. a5 bxa5 26. bxa5 Qa4 27. Qa2 Kg7 28. Bf8+
1-0

[Event "Bent Larsen Memorial"]
[Site "SchemingMind.com"]
[Date "2010.09.23"]
[Round "-"]
[White "Olli Ylönen"]
[Black "Raimondi"]
[Result "0-1"]
[WhiteCountry "FIN"]
[BlackCountry "PER"]
[WhiteElo "1475"]
[WhiteRD "56"]
[BlackElo "1717"]
[BlackRD "93"]
[GameID "260570"]

1. e4 e5 2. Nf3 Nc6 3. Bb5 a6 4. Bxc6 dxc6 5. O-O f6 6. d4 exd4 7. Nxd4 c5 8. Nb3 Qxd1 9. Rxd1 Bg4 10. f3 Be6
11. Be3 b6 12. Nc3 Bd6 13. a4 Ne7 14. a5 c4 15. Nd4 Bf7 16. b3 b5 17. bxc4 Bxc4 18. Nce2 c5 19. Ne6 Bxe2 20. Rxd6 Kf7
21. Bxc5 Rhc8 22. Kf2 Bc4 23. Rad1 Bxe6 24. Bb6 Rxc2+ 25. Kg3 Rac8 26. Bd8 Nc6 27. f4 Nxd8
0-1

[Event "Bent Larsen Memorial"]
[Site "SchemingMind.com"]
[Date "2010.09.20"]
[Round "-"]
[White "Stephen"]
[Black "maro"]
[Result "1-0"]
[WhiteCountry "ENG"]
[BlackCountry "MEX"]
[WhiteElo "2060"]
[WhiteRD "137"]
[BlackElo "1304"]
[BlackRD "54"]
[GameID "260685"]

1. d4 d5 2. Nf3 Nf6 3. c4 dxc4 4. Nc3 e6 5. Bg5 Be7 6. e3 h6 7. Bh4 Nc6 8. Bxc4 O-O 9. O-O Bd6 10. Rc1 a6
11. Ne4 g5 12. Nxd6 Qxd6 13. Bg3 Qd7 14. Ne5 b5 15. Nxd7 Nxd7 16. Bd3 Bb7 17. Qh5
1-0

[Event "Bent Larsen Memorial"]
[Site "SchemingMind.com"]
[Date "2010.09.20"]
[Round "-"]
[White "maro"]
[Black "Stephen"]
[Result "0-1"]
[WhiteCountry "MEX"]
[BlackCountry "ENG"]
[WhiteElo "1304"]
[WhiteRD "54"]
[BlackElo "2060"]
[BlackRD "137"]
[GameID "260692"]

1. d4 d5 2. Nf3 Nf6 3. e3 Bf5 4. Na3 e6 5. b3 Bb4+ 6. Nd2 Ne4 7. Bb5+ c6 8. O-O Nxd2 9. Bxd2 Bxa3 10. Bd3 Bxd3
11. Re1 Bg6 12. h3 Nd7 13. Bc1 Bxc1 14. Qxc1 O-O 15. f4 Nf6 16. g4 Be4 17. g5 Nh5 18. Kh2 f6 19. gxf6 Qxf6
0-1

[Event "Bent Larsen Memorial"]
[Site "SchemingMind.com"]
[Date "2010.09.24"]
[Round "-"]
[White "jl1234"]
[Black "Theodoric"]
[Result "1-0"]
[WhiteCountry "POL"]
[BlackCountry "ENG"]
[WhiteElo "1773"]
[WhiteRD "85"]
[BlackElo "2025"]
[BlackRD "79"]
[GameID "260808"]

1. d4 Nf6 2. c4 c5 3. d5 e6 4. Na3 d6 5. Nf3 Be7 6. Qd3 Na6 7. Nc2 Qb6 8. a3 O-O 9. Ne3 Nc7 10. b3 a5
11. Bd2 exd5 12. cxd5 Qa6 13. Qc2 Ncxd5 14. Nxd5 Nxd5 15. e4 b5 16. exd5 Bd7 17. Bd3 g6 18. Bc3 f5 19. O-O a4 20. b4 c4
21. Be2 Rae8 22. Nd4 Bf6 23. Bf3 Qb6 24. Ne2 Bxc3 25. Qxc3 g5 26. Bh5 Re5 27. Rfe1 Rxd5 28. Nf4 gxf4 29. Re7 Qd4 30. Qxd4 Rxd4
31. Rxd7 Rd3 32. Rc7 d5 33. Kf1 Rd8 34. Re1 Rxa3 35. Ree7 h6 36. Rg7+ Kh8 37. Rh7+ Kg8 38. Rcg7+ Kf8 39. Bf7 Ra1+ 40. Ke2 Rd6
41. Rg8+ Ke7 42. Bh5+ Kf6 43. Rg6+ Ke5 44. Re7+
1-0

[Event "Bent Larsen Memorial"]
[Site "SchemingMind.com"]
[Date "2010.09.24"]
[Round "-"]
[White "Theodoric"]
[Black "jl1234"]
[Result "1-0"]
[WhiteCountry "ENG"]
[BlackCountry "POL"]
[WhiteElo "2025"]
[WhiteRD "79"]
[BlackElo "1773"]
[BlackRD "85"]
[GameID "260813"]

1. e4 c5 2. c3 e6 3. d4 d5 4. exd5 Qxd5 5. Nf3 Be7 6. Be3 Bd7 7. c4 Qd6 8. Nc3 a6 9. Ne4 Qc7 10. dxc5 Nf6
11. Nd6+ Bxd6 12. cxd6 Qd8 13. c5 Nc6 14. Bd3 O-O 15. O-O e5 16. Ng5 h6 17. Ne4 Nd5 18. Bc4 Nxe3 19. fxe3 Kh8 20. Rxf7 Na5
21. Rxf8+ Qxf8 22. Bd5 Rb8 23. Ng5 Be8 24. Qc2 g6 25. Rf1 Qg7 26. Ne6 Qd7 27. Qe4 Nc6 28. Rf8+ Kh7 29. Bxc6
1-0

[Event "Bent Larsen Memorial"]
[Site "SchemingMind.com"]
[Date "2010.09.22"]
[Round "-"]
[White "Ryan"]
[Black "tyler_ensor"]
[Result "1-0"]
[WhiteCountry "NED"]
[BlackCountry "CAN"]
[WhiteElo "2150"]
[WhiteRD "131"]
[BlackElo "1871"]
[BlackRD "68"]
[GameID "260943"]

1. c4 e5 2. Nc3 Nf6 3. Nf3 Nc6 4. g3 Bb4 5. Bg2 O-O 6. O-O d6 7. d3 Bxc3 8. bxc3 h6 9. Nh4 Re8 10. e4 Bg4
11. f3 Be6 12. h3 Qd7 13. Kh2 g5 14. Nf5 Bxf5 15. exf5 Qxf5 16. f4 exf4 17. gxf4 g4 18. Rb1 Rab8 19. Rb5 Qg6 20. Bf3 a6
21. Rb2 Kh8 22. hxg4 Rg8 23. Rg2 Rg7 24. f5 Qh7 25. Rh1 Qg8 26. Bxh6 Rh7 27. Kg1 Ne5 28. g5 Nfd7 29. f6 Nxf3+ 30. Qxf3 Qg6
31. Bg7+ Kg8 32. Rxh7 Qxh7 33. Rh2 Ne5 34. Qf5
1-0

[Event "Bent Larsen Memorial"]
[Site "SchemingMind.com"]
[Date "2010.09.25"]
[Round "-"]
[White "Naoki_M"]
[Black "highway61"]
[Result "1-0"]
[WhiteCountry "JPN"]
[BlackCountry "USA"]
[WhiteElo "1697"]
[WhiteRD "76"]
[BlackElo "1676"]
[BlackRD "100"]
[GameID "260945"]

1. e4 c6 2. d4 d5 3. Nc3 dxe4 4. Nxe4 Nd7 5. Bc4 Ngf6 6. Ng5 e6 7. Qe2 Nb6 8. N1f3 Nbd5 9. Ne5 Qc7 10. O-O b5
11. Bxd5 exd5 12. Nexf7+ Qe7 13. Qxe7+ Bxe7 14. Nxh8 Ne4 15. Nxe4 dxe4 16. Re1 Bf5 17. g4 Bxg4 18. Rxe4 Bf5 19. Re2 Kf8 20. Bf4 Bf6
21. c3 Kg8 22. Rae1 Bd7 23. Be5 Kxh8 24. Bxf6 gxf6 25. Re7 Rg8+ 26. Kf1 Bh3+ 27. Ke2 Rg4 28. Rxa7 Re4+ 29. Kd2 Rxe1 30. Kxe1 Be6
31. b4 h5 32. h4 Kg8 33. Kd2 Bf7 34. f4 Kg7 35. f5 Kf8 36. a3 Bd5 37. Ke3 Bb3 38. Rc7 Bd5 39. Rh7 Bf7 40. Rh8+ Bg8
41. Rh6 Bf7 42. Rxf6 Ke7 43. Rxc6 Be8 44. Rb6 Bd7 45. Kf4 Ke8 46. Kg5 Kf8 47. Rh6 Kf7 48. Rxh5 Kg7 49. Kf4 Kf7 50. Ke5
1-0

[Event "Bent Larsen Memorial"]
[Site "SchemingMind.com"]
[Date "2010.09.21"]
[Round "-"]
[White "cdevos"]
[Black "tom claxton"]
[Result "1-0"]
[WhiteCountry "NED"]
[BlackCountry "ENG"]
[WhiteElo "1799"]
[WhiteRD "81"]
[BlackElo "1386"]
[BlackRD "68"]
[GameID "260946"]

1. d4 f5 2. Bf4 e6 3. e3 Nc6 4. Nh3 Nf6 5. Be2 g6 6. O-O d5 7. Na3 Bd7 8. Nb5 Na5 9. Bxc7 Qc8 10. Bxa5 b6
11. Bc3 Bg7 12. Nd6+ Ke7 13. Nxc8+ Rhxc8 14. Bb4+ Kd8 15. Ng5 Be8 16. Nxe6+ Kd7 17. Nxg7 Bf7 18. Bb5+ Kc7 19. Qf3 Kb7 20. Qf4 Be8
21. Qd6 Ne4 22. Qe7+ Rc7 23. Ba6+ Kb8 24. Qxe8+ Rc8 25. Qxc8#
1-0

[Event "Bent Larsen Memorial"]
[Site "SchemingMind.com"]
[Date "2010.09.21"]
[Round "-"]
[White "tyler_ensor"]
[Black "Ryan"]
[Result "0-1"]
[WhiteCountry "CAN"]
[BlackCountry "NED"]
[WhiteElo "1871"]
[WhiteRD "68"]
[BlackElo "2150"]
[BlackRD "131"]
[GameID "260948"]

1. d4 Nf6 2. c4 g6 3. Nc3 Bg7 4. e4 d6 5. f3 O-O 6. Be3 e5 7. d5 Nh5 8. Qd2 f5 9. O-O-O Nd7 10. exf5 gxf5
11. Bd3 Nc5 12. Bc2 b6 13. Nge2 a5 14. Bh6 a4 15. Bxg7 Nxg7 16. Rdg1 Ba6 17. Nb5 Bxb5 18. cxb5 Qh4 19. g4 e4 20. fxe4 fxe4
21. Nc3 a3 22. b4 Rf2 23. Qe1 Nd3+ 24. Bxd3 exd3 25. Ne4 d2+ 26. Nxd2 Re8 27. Ne4 Rxe4 28. Qxe4 Qg5+ 29. Kb1 Qd2
0-1

[Event "Bent Larsen Memorial"]
[Site "SchemingMind.com"]
[Date "2010.09.25"]
[Round "-"]
[White "highway61"]
[Black "Naoki_M"]
[Result "1-0"]
[WhiteCountry "USA"]
[BlackCountry "JPN"]
[WhiteElo "1676"]
[WhiteRD "100"]
[BlackElo "1697"]
[BlackRD "76"]
[GameID "260950"]

1. d4 d5 2. Nf3 Nf6 3. Bf4 c5 4. e3 e6 5. c3 Nc6 6. Bd3 c4 7. Bc2 Bd6 8. Ne5 Bxe5 9. dxe5 Nd7 10. Ba4 O-O
11. O-O Qc7 12. Nd2 Rd8 13. Nf3 a6 14. Bxc6 Qxc6 15. Qc2 h6 16. Rad1 b5 17. Rfe1 Nc5 18. Nd4 Qd7 19. f3 a5 20. Qf2 a4
21. Qg3 Kh7 22. Kh1 Rg8 23. Qh4 Ba6 24. g4 Qd8 25. g5 Rc8 26. Rg1 Nd7 27. Rg4 Qf8 28. Rf1 Nc5 29. gxh6 g6 30. Bg5 Rc7
31. Bf6 Nd7 32. Bg7 Qd8 33. f4 Qxh4 34. Rxh4 Rb8 35. Nf3 Rcc8 36. Rg1 Nc5 37. Ng5+ Kg8 38. Bf6 Kf8 39. h7 Ke8 40. h8=Q+ Kd7
41. Qxc8+ Rxc8 42. Nxf7 Bb7 43. Nd6 d4+ 44. Nxb7 Nxb7 45. exd4 Rg8 46. Rh7+ Kc6 47. Rh8
1-0

[Event "Bent Larsen Memorial"]
[Site "SchemingMind.com"]
[Date "2010.09.21"]
[Round "-"]
[White "tom claxton"]
[Black "cdevos"]
[Result "0-1"]
[WhiteCountry "ENG"]
[BlackCountry "NED"]
[WhiteElo "1386"]
[WhiteRD "68"]
[BlackElo "1799"]
[BlackRD "81"]
[GameID "260951"]

1. e4 e5 2. Nc3 Bc5 3. Nf3 d6 4. Nd5 c6 5. Nc3 Nh6 6. Bc4 Qf6 7. d3 Ng4 8. O-O b5 9. Bb3 Nd7 10. Bg5 Qg6
11. Ne2 Nf8 12. Ng3 h6 13. Bf4 exf4 14. Ne2 Ne6 15. Qd2 Qf6 16. c3 Ng5 17. Nxg5 hxg5 18. h3 Qh6 19. d4 Bb6 20. e5 f3
21. Ng3 fxg2 22. Kxg2 Qxh3+ 23. Kf3 Nh2+ 24. Ke4 Rh4+ 25. f4 Qxg3 26. Rf2 f5+ 27. exf6 gxf6 28. Bd1 f5#
0-1

[Event "Bent Larsen Memorial"]
[Site "SchemingMind.com"]
[Date "2010.10.29"]
[Round "-"]
[White "Valverde"]
[Black "jl1234"]
[Result "1-0"]
[WhiteCountry "ESP"]
[BlackCountry "POL"]
[WhiteElo "2214"]
[WhiteRD "88"]
[BlackElo "1846"]
[BlackRD "79"]
[GameID "265114"]

1. e4 e5 2. Nf3 d6 3. d4 Nf6 4. Nc3 exd4 5. Nxd4 Be7 6. Be2 O-O 7. O-O c5 8. Nb3 a6 9. a4 Nc6 10. Bf4 Be6
11. Re1 Ne5 12. Nxc5 dxc5 13. Bxe5 Nd7 14. Bd6 Re8 15. Bxe7 Qxe7 16. Nd5 Bxd5 17. exd5 Qd6 18. c4 Nf6 19. Bf3 Rxe1+ 20. Qxe1 Re8
21. Qc3 Qe7 22. Kf1 Rd8 23. Re1 Qd6 24. Qe5 Qb6 25. g3 h6 26. Qc3 Kf8 27. a5 Qc7 28. b4 Nh7 29. Qa3 Ng5 30. Bg2 Rc8
31. h4 Nh7 32. Qd3 Nf6 33. d6 Qb8 34. bxc5 Rxc5 35. d7 Qd8 36. Qd6+
1-0

[Event "Bent Larsen Memorial"]
[Site "SchemingMind.com"]
[Date "2010.10.29"]
[Round "-"]
[White "jl1234"]
[Black "Valverde"]
[Result "0-1"]
[WhiteCountry "POL"]
[BlackCountry "ESP"]
[WhiteElo "1839"]
[WhiteRD "75"]
[BlackElo "2193"]
[BlackRD "88"]
[GameID "265116"]

1. d4 Nf6 2. c4 g6 3. Nc3 Bg7 4. e4 O-O 5. Be2 d6 6. Nf3 e5 7. d5 a5 8. O-O Na6 9. h3 Nc5 10. Bg5 h6
11. Bxf6 Qxf6 12. Qc2 Bd7 13. Nh2 Qe7 14. Bd1 f5 15. Qe2 Rf7 16. Bc2 Raf8 17. f3 Bf6 18. a3 a4 19. g3 fxe4 20. h4 exf3
21. Nxf3 e4 22. Nd2 Bh3 23. Rfe1 Bd4+ 24. Kh1 Rf2
0-1